| 000 | 00871cam a2200217 4500 | ||
|---|---|---|---|
| 001 | WB3731-03 | ||
| 008 | 010809n2001 000 0 eng u | ||
| 035 | _a(Sirsi) u114043 | ||
| 245 | _aCheap capital but at a price | ||
| 260 | _c2001 | ||
| 490 |
_aFinancial Times _v3 August 2001, 22(2) |
||
| 520 | _aBritish Land and the Canary Wharf group are among a growing number of property companies to embrace the capital benefits of securitisation. Analysts at Goldman Sachs explain situations where securitisation is the best option, and highlight its limitations. | ||
| 590 | _aWB | ||
| 650 | _aPROPERTY SECURITISATION | ||
| 650 | _aPROPERTY-COMMERCIAL PROPERTY | ||
| 650 | _aSECURITISATION | ||
| 650 | _aFINANCIAL INSTRUMENTS | ||
| 650 | _aPROPERTY INVESTMENT | ||
| 690 | _aPROPERTY-COMMERCIAL PROPERTY-COMMERCIAL PROPERTY FINANCE AND INVESTMENT | ||
| 942 | _n0 | ||
| 999 |
_c67976 _d67976 |
||